Ultrasound, its applications in medicine and biology /

Bibliographic Details
Other Authors: Fry, Francis J.
Format: Book
Language:English
Series:Methods and phenomena, their applications in science and technology ; v. 3.
Subjects:

MARC

Tag First Indicator Second Indicator Subfields
LEADER 00000cam a2200000 i 4500
001 in00000869421
005 20151019135349.0
008 771027s1978 ne a b 00100 eng
010 |a  77017618  
020 |a 0444416412 
035 |a (OCoLC)03414243 
035 |9 AEK2459AM 
040 |a DLC  |c DLC  |d CLU  |d TXA  |d UtOrBLW 
049 |a TXAM  |v 1 [A12004952] 
050 0 0 |a R857.U48  |b U47 
060 0 |a WB515 U49. 
082 0 |a 616.07/54 
245 0 0 |a Ultrasound, its applications in medicine and biology /  |c edited by Francis J. Fry. 
264 2 |a Amsterdam ;  |a New York :  |b Elsevier Scientific Pub. Co. : distributors for the U.S. and Canada Elsevier North-Holland,  |c 1978. 
300 |a 2 volumes (xvi, 745, 4 pages) :  |b illustrations ;  |c 25 cm. 
336 |a text  |b txt  |2 rdacontent 
337 |a unmediated  |b n  |2 rdamedia 
338 |a volume  |b nc  |2 rdacarrier 
490 1 |a Methods and phenomena, their applications in science and technology ;  |v v. 3 
504 |a Includes bibliographies and indexes. 
650 0 |a Ultrasonics in medicine. 
650 0 |a Ultrasonics in biology. 
650 0 |a Ultrasonics  |x Physiological effect. 
700 1 |a Fry, Francis J. 
830 0 |a Methods and phenomena, their applications in science and technology ;  |v v. 3. 
999 |a MARS 
999 f f |s b364fa85-8ce6-3101-b178-039a83eee943  |i 4ed124cd-ee51-3f0c-a074-81b937745f5f  |t 0 
952 f f |p ric  |a Texas A&M University  |b Rellis Campus  |c Joint Library Facility  |d Remote Storage  |t 0  |e R857.U48 U47  |h Library of Congress classification  |i unmediated -- volume  |k v.1  |m A14812004952 
998 f f |a R857.U48 U47  |s v.1  |t 0  |l Remote Storage